[Event "Qatar Masters op-A"]
[Site "Doha"]
[Date "2024.12.04"]
[Round "2"]
[White "Navrotescu, Andreea Cristiana"]
[Black "Madaminov, Mukhiddin"]
[Result "0-1"]
[WhiteElo "2356"]
[BlackElo "2501"]
[PlyCount "80"]
[EventDate "2024.12.03"]
[EventType "swiss"]
[EventRounds "9"]
[EventCountry "QAT"]
[SourceTitle "CB51_2024"]
[SourceDate "2024.12.18"]
[SourceVersion "1"]
[SourceVersionDate "2024.12.18"]
[SourceQuality "1"]

1. d4 Nf6 2. c4 g6 3. g3 c5 4. Nf3 cxd4 5. Nxd4 Bg7 6. Bg2 Nc6 7. 0-0 h5 8. h3 Nxd4 9. Qxd4 0-0 10. Nc3 d6 11. Qd3 Be6 12. Bxb7 Bxh3 13. Bg2 Bxg2 14. Kxg2 Qd7 15. e4 Rac8 16. f3 Qe6 17. b3 h4 18. g4 Qe5 19. f4 Qe6 20. f5 Qd7 21. Bd2 Nxg4 22. Qh3 Nf6 23. Qxh4 e6 24. Rh1 Rc5 25. Raf1 Nh5 26. Qg4 Nf6 27. Qh3 Nh5 28. Qf3 exf5 29. Nd5 fxe4 30. Qxe4 Re8 31. Qf3 Re5 32. Rh4 Qe6 33. Kh1 Rf5 34. Nf4 Qf6 35. Qa8+ Kh7 36. Rh3 Bh6 37. Rff3 Bxf4 38. Bc3 Be5 39. Rxh5+ Rxh5+ 40. Kg2 Qg5+ 0-1

[Event "Swiss Queens Wed #44"]
[Site "FIDE Online Arena INT"]
[Date "2024.11.27"]
[Round "3"]
[White "Preobrazhenskaya, Diana"]
[Black "Navrotescu, Andreea Cristiana"]
[Result "1-0"]
[WhiteElo "2051"]
[BlackElo "2338"]
[PlyCount "103"]
[EventDate "2024.11.27"]
[EventType "swiss (blitz)"]
[EventRounds "11"]
[EventCountry "NET"]
[SourceTitle "CB49_2024"]
[SourceDate "2024.12.04"]
[SourceVersion "1"]
[SourceVersionDate "2024.12.04"]
[SourceQuality "1"]

1. e4 e6 2. d4 d5 3. Nc3 Nf6 4. Bg5 dxe4 5. Nxe4 Be7 6. Nxf6+ gxf6 7. Be3 b6 8. Qf3 c6 9. 0-0-0 Bb7 10. Ne2 Nd7 11. Nf4 Qc7 12. Qh5 Nf8 13. Bc4 Ng6 14. Nxg6 fxg6 15. Qh3 e5 16. dxe5 Bc8 17. Qf3 f5 18. e6 Bf6 19. Bf4 Qb7 20. Rhe1 b5 21. Bb3 a5 22. Rd7 Qb6 23. Bc7 Qc5 24. Rf7 Be7 25. Be5 Rf8 26. a3 a4 27. Rxf8+ Bxf8 28. Ba2 b4 29. axb4 Qxb4 30. Bc3 Qc5 31. Re5 Qb6 32. Qe2 Ba6 33. Qd2 Rd8 34. Qe1 a3 35. b3 Bg7 36. e7 Rd7 37. Re3 Bxc3 38. Qxc3 Rxe7 39. Qh8+ Kd7 40. Rxe7+ Kxe7 41. Qxh7+ Kf6 42. Qh8+ Kg5 43. h4+ Kf4 44. g3+ Kf3 45. Qc3+ Kxf2 46. b4 Qe3+ 47. Qxe3+ Kxe3 48. Bf7 a2 49. Kb2 Kf3 50. Bxg6 Bc4 51. h5 Kxg3 52. h6 1-0

[Event "BCF-chT 2425 (4NCL)"]
[Site "England"]
[Date "2024.11.24"]
[Round "2.32"]
[White "Roberson, Peter T"]
[Black "Navrotescu, Andreea Cristiana"]
[Result "1/2-1/2"]
[WhiteElo "2432"]
[BlackElo "2338"]
[PlyCount "70"]
[EventDate "2024.11.23"]
[EventType "team-swiss"]
[EventRounds "11"]
[EventCountry "ENG"]
[SourceTitle "CB48_2024"]
[SourceDate "2024.11.28"]
[SourceVersion "1"]
[SourceVersionDate "2024.11.28"]
[SourceQuality "1"]
[WhiteTeam "The Sharks"]
[BlackTeam "Chessable White Rose"]
[WhiteTeamCountry "ENG"]
[BlackTeamCountry "ENG"]

1. e4 c5 2. Nf3 d6 3. d4 cxd4 4. Nxd4 Nf6 5. Nc3 Nc6 6. Bg5 e6 7. Qd2 a6 8. 0-0-0 Bd7 9. Kb1 Nxd4 10. Qxd4 Be7 11. f3 b5 12. Qd2 b4 13. Ne2 Nxe4 14. fxe4 Bxg5 15. Qxd6 Ba4 16. Qxd8+ Bxd8 17. Nd4 Bb6 18. b3 Bd7 19. Nf3 Ke7 20. Ne5 Be8 21. Be2 Bc7 22. Nc4 Bb5 23. Rd3 Rhd8 24. h3 Bc6 25. Bf3 Rxd3 26. cxd3 Rd8 27. Kc2 Bb8 28. a3 bxa3 29. Ra1 Ba7 30. Rxa3 Bb5 31. e5 Bc5 32. Ra2 Rd7 33. Be4 Rc7 34. Kc3 Rd7 35. Kd2 h5 1/2-1/2

[Event "Figueira da Foz op 18th"]
[Site "Figueira da Foz"]
[Date "2024.11.12"]
[Round "4"]
[White "Albornoz Cabrera, Carlos Daniel"]
[Black "Navrotescu, Andreea Cristiana"]
[Result "1-0"]
[WhiteElo "2572"]
[BlackElo "2338"]
[PlyCount "53"]
[EventDate "2024.11.10"]
[EventType "swiss"]
[EventRounds "9"]
[EventCountry "POR"]
[SourceTitle "CB47_2024"]
[SourceDate "2024.11.20"]
[SourceVersion "1"]
[SourceVersionDate "2024.11.20"]
[SourceQuality "1"]

1. e4 c6 2. d4 d5 3. e5 Bf5 4. Nf3 e6 5. Be2 c5 6. Be3 Qb6 7. Nc3 Nc6 8. 0-0 Qxb2 9. Qe1 cxd4 10. Bxd4 Nxd4 11. Nxd4 Bb4 12. Ndb5 Ba5 13. Rb1 Qxc2 14. Rb3 Ne7 15. Nd6+ Kf8 16. Nxb7 Bxc3 17. Rxc3 Qb2 18. Nd6 h5 19. Bd3 Rh6 20. Rb3 Qd4 21. Bxf5 Nxf5 22. Qb1 Kg8 23. Rb8+ Rxb8 24. Qxb8+ Kh7 25. Nxf7 Nh4 26. Nxh6 Qe4 27. Qb1 1-0

[Event "Figueira da Foz op 18th"]
[Site "Figueira da Foz"]
[Date "2024.11.12"]
[Round "3"]
[White "Golecki, Jan"]
[Black "Navrotescu, Andreea Cristiana"]
[Result "0-1"]
[WhiteElo "2195"]
[BlackElo "2338"]
[PlyCount "38"]
[EventDate "2024.11.10"]
[EventType "swiss"]
[EventRounds "9"]
[EventCountry "POR"]
[SourceTitle "CB47_2024"]
[SourceDate "2024.11.20"]
[SourceVersion "1"]
[SourceVersionDate "2024.11.20"]
[SourceQuality "1"]

1. e4 c6 2. d4 d5 3. f3 dxe4 4. fxe4 e5 5. Nf3 Bg4 6. Bc4 Nd7 7. Nc3 Bd6 8. d5 Nb6 9. Bb3 Nf6 10. dxc6 bxc6 11. Bg5 0-0 12. Qe2 a5 13. a4 Bc8 14. 0-0-0 Qe7 15. Qf2 Rb8 16. Nh4 Bb4 17. Bxf6 Qxf6 18. Qxf6 gxf6 19. Rd3 Kh8 0-1

[Event "EU-Cup (Women) 28th"]
[Site "Vrnjacka Banja"]
[Date "2024.10.22"]
[Round "3.1"]
[White "Olde, Margareth"]
[Black "Navrotescu, Andreea Cristiana"]
[Result "0-1"]
[WhiteElo "2146"]
[BlackElo "2352"]
[PlyCount "64"]
[EventDate "2024.10.20"]
[EventType "team-swiss"]
[EventRounds "7"]
[EventCountry "SRB"]
[SourceTitle "CB44_2024"]
[Source "Chessbase"]
[SourceDate "2024.10.30"]
[SourceVersion "1"]
[SourceVersionDate "2024.10.30"]
[SourceQuality "1"]
[WhiteTeam "Tallinn (W)"]
[BlackTeam "Modra Javes (W)"]
[WhiteTeamCountry "EST"]
[BlackTeamCountry "SVK"]

1. d4 Nf6 2. c4 e6 3. Nf3 d5 4. g3 dxc4 5. Bg2 c6 6. a4 c5 7. Na3 Nc6 8. Nxc4 cxd4 9. 0-0 Bc5 10. Nfe5 Nxe5 11. Nxe5 0-0 12. Qb3 Qe7 13. Bd2 Bd7 14. Rfc1 Rab8 15. Bf4 Bd6 16. Qd3 g5 17. Nxd7 Nxd7 18. Bxd6 Qxd6 19. Rc4 e5 20. Qf5 f6 21. Rac1 Rf7 22. Be4 Nf8 23. Qf3 Kg7 24. Rc8 Rxc8 25. Rxc8 Qd7 26. Bf5 Qxa4 27. b3 Qb5 28. h4 Qb6 29. Kh2 Qd6 30. Qg4 h6 31. Qh5 e4 32. Qg4 e3 0-1

[Event "EU-Cup (Women) 28th"]
[Site "Vrnjacka Banja"]
[Date "2024.10.21"]
[Round "2.1"]
[White "Navrotescu, Andreea Cristiana"]
[Black "Bivol, Alina"]
[Result "1/2-1/2"]
[WhiteElo "2352"]
[BlackElo "2345"]
[PlyCount "63"]
[EventDate "2024.10.20"]
[EventType "team-swiss"]
[EventRounds "7"]
[EventCountry "SRB"]
[SourceTitle "CB44_2024"]
[Source "Chessbase"]
[SourceDate "2024.10.30"]
[SourceVersion "1"]
[SourceVersionDate "2024.10.30"]
[SourceQuality "1"]
[WhiteTeam "Modra Javes (W)"]
[BlackTeam "Crvena Zvezda (W)"]
[WhiteTeamCountry "SVK"]
[BlackTeamCountry "SRB"]

1. d4 d5 2. c4 e6 3. Nc3 Be7 4. cxd5 exd5 5. Bf4 c6 6. e3 Bf5 7. g4 Be6 8. Bd3 h6 9. h3 Nf6 10. Nf3 Nbd7 11. Qc2 Rc8 12. 0-0-0 Qa5 13. Kb1 Ne4 14. Bxe4 dxe4 15. Nd2 Nf6 16. Ndxe4 Nd5 17. Nd6+ Bxd6 18. Bxd6 Rd8 19. Ba3 Nxc3+ 20. Qxc3 Qxc3 21. bxc3 Bd5 22. Rhg1 Kd7 23. Rg3 h5 24. Re1 hxg4 25. Rxg4 Rxh3 26. Rxg7 Rh2 27. Re2 Be4+ 28. Kc1 Rh1+ 29. Kd2 Ke6 30. Rg5 Rd5 31. Rxd5 Kxd5 32. Bc1 1/2-1/2

[Event "Swiss Queens Wed #37"]
[Site "FIDE Online Arena INT"]
[Date "2024.10.09"]
[Round "11"]
[White "Bodnaruk, Anastasia"]
[Black "Navrotescu, Andreea Cristiana"]
[Result "1-0"]
[WhiteElo "2333"]
[BlackElo "2352"]
[PlyCount "59"]
[EventDate "2024.10.09"]
[EventType "swiss (blitz)"]
[EventRounds "11"]
[EventCountry "NET"]
[SourceTitle "CB42_2024"]
[Source "ChessBase"]
[SourceDate "2024.10.16"]
[SourceVersion "1"]
[SourceVersionDate "2024.10.16"]
[SourceQuality "1"]

1. e4 e6 2. d4 d5 3. e5 c5 4. c3 Nc6 5. Nf3 Qb6 6. Bd3 cxd4 7. 0-0 Bd7 8. Re1 Rc8 9. h4 a5 10. Nbd2 dxc3 11. bxc3 Bc5 12. Re2 Nge7 13. Nb3 Ng6 14. h5 Ngxe5 15. Nxe5 Bxf2+ 16. Rxf2 Nxe5 17. Bf4 Nc4 18. Qg4 g6 19. Qg3 f6 20. hxg6 e5 21. g7 Rg8 22. Bxh7 Ke7 23. Bh6 Nd6 24. Be3 Qb5 25. Bxg8 Rxg8 26. Bc5 a4 27. Bxd6+ Kxd6 28. Rxf6+ Kc7 29. Qxe5+ Kc8 30. Rf8+ 1-0